| 000 | 00978nas a2200277 4500 | ||
|---|---|---|---|
| 001 | BR9214203 | ||
| 003 | BR-BrBNA | ||
| 005 | 20231205093600.0 | ||
| 007 | ta | ||
| 008 | 230509b bl.|||p| |||| 00| 00por d | ||
| 040 |
_aBR-BrBNA _bpor _cBiblioteca Nacional de Agricultura |
||
| 041 | _a(Pt) | ||
| 072 | _aL51 | ||
| 100 | 1 | _aCosta, G.B. | |
| 100 | 1 | _aCarvalho, R.T.L. de | |
| 245 | 1 | _aDigestibilidade de nutrientes de racoes para equinos contendo niveis crescentes de farelo de dende (Elaeis guineensis Jacq) | |
| 246 | 1 | _aNutrients digestibility of diets with increasing of palm kerner meal (Elaeis guineensis Jacq)for horses | |
| 650 | _aCavalo | ||
| 650 | _aRacao | ||
| 650 | _aFarelo | ||
| 650 | _aDende | ||
| 650 | _aDigestibilidade | ||
| 773 | 0 |
_tArquivos da Escola de Medicina Veterinaria da Universidade Federal da Bahia (Brazil) _xISSN 0100-2597 _g(1991), v. 14(1) p. 63-78 _wBR9214203 |
|
| 909 |
_a202311 _bLúcia _c55 _dLúcia Elande |
||
| 942 |
_2AGRIS _n0 _cANA |
||
| 999 |
_c139290 _d139290 |
||